[Event "POL-chT U19 2nd League"]
[Site "Iwonicz"]
[Date "2015.08.01"]
[Round "8.33"]
[White "Ulatowski, Jakub"]
[Black "Dytman, Radoslaw"]
[Result "1-0"]
[WhiteElo "1507"]
[BlackElo "1253"]
[PlyCount "83"]
[EventDate "2015.07.25"]
[EventType "team-swiss"]
[EventRounds "11"]
[EventCountry "POL"]
[SourceTitle "EXT 2019"]
[Source "ChessBase"]
[SourceDate "2018.10.10"]
[SourceVersion "1"]
[SourceVersionDate "2018.10.10"]
[SourceQuality "1"]
[WhiteTeam "Gliwice Akademia Szachowa U19"]
[BlackTeam "Wroclaw MUKS MDK Fabryczna U19"]
[WhiteTeamCountry "POL"]
[BlackTeamCountry "POL"]

1. e4 e5 2. Nf3 Nc6 3. Bb5 a6 4. Ba4 Nf6 5. 0-0 b5 6. Bb3 Bc5 7. c3 d6 8. h3 Bb7 9. d4 Bb6 10. Re1 0-0 11. Bg5 h6 12. Bh4 Re8 13. Bc2 Rc8 14. Bg3 exd4 15. cxd4 Nb4 16. Nbd2 c5 17. dxc5 Bxc5 18. Bb1 Nh5 19. Bh2 Qb6 20. Rf1 Nf6 21. a3 Nc6 22. b4 Bd4 23. Nxd4 Qxd4 24. Nb3 Qc3 25. Re1 Ne5 26. Re3 Qc6 27. Bxe5 dxe5 28. Nc5 Red8 29. Rd3 Rxd3 30. Qxd3 Nh5 31. Ba2 Nf4 32. Qf3 Rd8 33. Kh2 Ne6 34. Bd5 Ng5 35. Qg4 Rxd5 36. exd5 Qxd5 37. Rd1 Qc6 38. Nxb7 Qxb7 39. Rd8+ Kh7 40. Qf5+ g6 41. Qf6 Qc7 42. Rh8# 1-0

[Event "Wroclaw op 9th"]
[Site "Wroclaw"]
[Date "2014.07.05"]
[Round "9"]
[White "Dadello, Barbara"]
[Black "Dytman, Radoslaw"]
[Result "1-0"]
[WhiteElo "1172"]
[BlackElo "1231"]
[PlyCount "92"]
[EventDate "2014.06.29"]
[EventType "swiss"]
[EventRounds "9"]
[EventCountry "POL"]
[SourceTitle "EXT 2015"]
[Source "ChessBase"]
[SourceDate "2014.11.20"]
[SourceVersion "1"]
[SourceVersionDate "2014.11.20"]
[SourceQuality "1"]

1. e4 e5 2. Nf3 Nc6 3. Bc4 Bc5 4. c3 Nf6 5. d3 h6 6. 0-0 d6 7. Nbd2 0-0 8. Re1 Bg4 9. Nf1 Qd7 10. Ng3 Nh5 11. Nxh5 Bxh5 12. Be3 Bxe3 13. Rxe3 Na5 14. Bb3 Kh8 15. Ba4 Qe6 16. Qd2 f5 17. exf5 Rxf5 18. Nd4 Qg6 19. Nxf5 Qxf5 20. Bd1 Bf7 21. Bc2 Bg6 22. Rf3 Qe6 23. b4 Nc6 24. Bb3 Qg4 25. Bf7 Bh7 26. Bd5 Re8 27. Re1 e4 28. dxe4 Bxe4 29. Bxe4 Rxe4 30. Rf8+ Kh7 31. Qd3 d5 32. f3 Qh4 33. Re2 Ne5 34. Qc2 Ng6 35. fxe4 Nxf8 36. exd5+ g6 37. Qe4 Qxe4 38. Rxe4 Kg8 39. Re7 g5 40. Rxc7 Ng6 41. Rxb7 Nf4 42. c4 Ne2+ 43. Kf2 Nc3 44. Rxa7 Ne4+ 45. Ke3 Nd6 46. c5 Nf7 1-0

[Event "Wroclaw op 9th"]
[Site "Wroclaw"]
[Date "2014.07.03"]
[Round "7"]
[White "Ptak, Pavel"]
[Black "Dytman, Radoslaw"]
[Result "1-0"]
[WhiteElo "2100"]
[BlackElo "1231"]
[PlyCount "99"]
[EventDate "2014.06.29"]
[EventType "swiss"]
[EventRounds "9"]
[EventCountry "POL"]
[SourceTitle "EXT 2015"]
[Source "ChessBase"]
[SourceDate "2014.11.20"]
[SourceVersion "1"]
[SourceVersionDate "2014.11.20"]
[SourceQuality "1"]

1. e4 e5 2. Nf3 Nc6 3. Bc4 Bc5 4. d3 d6 5. h3 Nf6 6. 0-0 h6 7. Nc3 Na5 8. Bb3 Nxb3 9. axb3 0-0 10. Na4 Bb6 11. Nxb6 cxb6 12. Be3 Re8 13. Nd2 d5 14. exd5 Nxd5 15. Qe2 f5 16. f3 f4 17. Bf2 Qg5 18. Ne4 Qg6 19. Kh2 Bf5 20. Rg1 Re6 21. g3 Qf7 22. g4 Bxe4 23. dxe4 Nf6 24. Rgd1 Qc7 25. Be1 Rc6 26. c4 Rd6 27. Bc3 Rxd1 28. Rxd1 Kf7 29. Bb4 Rd8 30. Kg2 a5 31. Bc3 Ke6 32. b4 Rxd1 33. Qxd1 axb4 34. Bxb4 Qxc4 35. Qd6+ Kf7 36. Qxb6 Qe2+ 37. Qf2 Qxf2+ 38. Kxf2 Ke6 39. h4 Kd7 40. Ke2 Kc6 41. Kd3 Kb5 42. Bd6 Nd7 43. Kc3 Kc6 44. Be7 Nc5 45. Bxc5 Kxc5 46. h5 Kd6 47. Kc4 Ke6 48. Kc5 Kf6 49. Kd6 b5 50. b4 1-0

[Event "Wroclaw op 9th"]
[Site "Wroclaw"]
[Date "2014.06.29"]
[Round "1"]
[White "Dytman, Radoslaw"]
[Black "White, John2222"]
[Result "1/2-1/2"]
[WhiteElo "1231"]
[BlackElo "1973"]
[PlyCount "80"]
[EventDate "2014.06.29"]
[EventType "swiss"]
[EventRounds "9"]
[EventCountry "POL"]
[SourceTitle "EXT 2015"]
[Source "ChessBase"]
[SourceDate "2014.11.20"]
[SourceVersion "1"]
[SourceVersionDate "2014.11.20"]
[SourceQuality "1"]

1. e4 e5 2. Nf3 Nc6 3. Bc4 Nf6 4. Nc3 Be7 5. d3 0-0 6. 0-0 d6 7. h3 Na5 8. Bb3 Nxb3 9. axb3 c6 10. Be3 a6 11. Qd2 Re8 12. Na4 Nd7 13. d4 b5 14. Nc3 Bb7 15. Nd1 Qc7 16. dxe5 Nxe5 17. Nxe5 dxe5 18. Qd7 Qb8 19. Nc3 Bf6 20. Rad1 Rd8 21. Qg4 Rxd1 22. Rxd1 Bc8 23. Qg3 Be6 24. f4 exf4 25. Bxf4 Qa7+ 26. Be3 Qb8 27. Qd6 Qxd6 28. Rxd6 Rc8 29. Kf2 Be5 30. Rd1 f6 31. Kf3 Kf7 32. Bd4 Bc7 33. Bc5 Rd8 34. Rxd8 Bxd8 35. Bd6 Bb6 36. h4 h5 37. e5 Bg4+ 38. Kf4 Ke6 39. Bb8 Bd4 40. exf6 gxf6 1/2-1/2